Apuntes para la historia de Sta. Cruz de Tenerife desde su fundación hasta nuestros tiempos / (Record no. 48580)

MARC details
000 -LEADER
campo de control de longitud fija 00654nam a22001815i 4500
001 - NÚMERO DE CONTROL
campo de control 48580
003 - IDENTIFICADOR DE NÚMERO DE CONTROL
campo de control ES-MaACL
005 - FECHA Y HORA DE LA ÚLTIMA TRANSACCIÓN
campo de control 20230906161757.0
007 - CAMPO FIJO DE DESCRIPCIÓN FÍSICA--INFORMACIÓN GENERAL
campo de control de longitud fija t|
008 - DATOS DE LONGITUD FIJA--INFORMACIÓN GENERAL
campo de control de longitud fija 940202s1875 sp ||||1| spa d
040 ## - FUENTE DE CATALOGACIÓN
Centro catalogador/agencia de origen AS
Lengua de catalogación spa
100 1# - ENTRADA PRINCIPAL--NOMBRE DE PERSONA
Nombre de persona Desiré Dugour, José.
9 (RLIN) 43883
245 10 - MENCIÓN DEL TÍTULO
Título Apuntes para la historia de Sta. Cruz de Tenerife desde su fundación hasta nuestros tiempos /
Mención de responsabilidad, etc. por José Desiré Dugour.
260 ## - PUBLICACIÓN, DISTRIBUCIÓN, ETC.
Lugar de publicación, distribución, etc. Santa Cruz de Tenerife :
Nombre del editor, distribuidor, etc. [s.n.],
Fecha de publicación, distribución, etc. 1875 (
Fabricante Imprenta, Libreria y Encuadernación de J. Benítez y Compañia)
300 ## - DESCRIPCIÓN FÍSICA
Extensión VI, 308 p. ;
Dimensiones 23 cm.
651 #4 - PUNTO DE ACCESO ADICIONAL DE MATERIA--NOMBRE GEOGRÁFICO
Nombre geográfico Santa Cruz de Tenerife-
Subdivisión general Historia.
9 (RLIN) 9364
852 ## - LOCALIZACIÓN
Ubicación ES-MaACL
Número de control de estantería D-395
Holdings
Estatus retirado Estado de pérdida Estado de daño No para préstamo Colección Biblioteca de origen Biblioteca actual Ubicación en estantería Fecha de adquisición Fuente de adquisición Total de préstamos Signatura topográfica completa Código de barras Visto por última vez Precio de reemplazo Tipo de ítem Koha
        Libros del s. XIX Biblioteca del Ateneo de Madrid Biblioteca del Ateneo de Madrid Sala Valle Inclán 17/01/2008     D-395 901051124 23/02/2023 23/02/2023 Libro impreso antiguo